01689nam a22003617a 4500003000900000005001700009008004400026020001500070040002200085092003800107100003800145245012600183260005200309300002900361505005600390505006300446505005300509505003800562505003600600650004500636650004500681650004100726650004600767650004900813700003700862910003700899942001200936945003900948952014000987952016801127956001701295999001501312DO-SdBNP20180306135511.0160429b 2000 dr||||| |||| 00| 0 spa d a9945444476 aBPMSUbspacBPMSU a372.257bV335c 4to. [20--]1 aVásquez Güichardo, Julia Mery10aCiencias de la naturaleza 4 :b[educación básica] /cJulia Mery Vásquez Gúichardo, Andrea Griselda Rincón Ozuna aSanto Domingo : bActualidad escolar 2000c2000 a160 p. : bil. : c28 cm aUnidad 1. Estructura y función de los seres vivos aUnidad 2. Organización de los seres vivos en su ambiente aUnidad 3. Recursos naturales, agricultura y vida aUnidad 4 . Conociendo el universo aUnidad 5 . La luz que nos rodea 4aCIENCIAS NATURALESxENSEÑANZA BÁSICA 4aCIENCIAS NATURALESxEDUCACIÓN PRIMARIA 4aCIENCIAS NATURALESxLIBROS DE TEXTOS 4aCIENCIAS NATURALESxESTUDIOS Y EJERCICIOS 4aEDUCACIÓN PRIMARIAzREPÚBLICA DOMINICANA12aRincón Ozuna, Andrea Griselda  aValidado. Control de calidad MFF 2ddccBK aRemanejado para la BNPHU / 2018 VM 00102ddc40708CEaBPMETbBPMETd2016-05-05eDonaciónl0o372.257 V335c 4to. v.1pBPMSU16050062r2016-05-05w2016-05-05yBK 00102ddc40708CEaBPMETbBPMETd2016-05-05eDonaciónl0o372.257 V335c 4to. 2013 v.2 Libro del maestropBPMSU16050063r2016-05-05w2016-05-05yBK adaysi garcia c9995d9995